| Поле | Название | Значение |
| |
Тип записи |
a |
| |
Библиографический уровень |
m |
| 001 |
Контрольный номер |
RU/ГПНТБ России/EK/84(2=411.2)6/Р 32-919920845 |
| 005 |
Дата корректировки |
20250623090402.0 |
| 010 |
Индекс ISBN |
__ |
| a |
ISBN |
978-5-17-159636-1 |
| b |
Уточнения |
в пер. |
| 9 |
Тираж |
3000 |
| d |
Цена |
370-87 |
| 100 |
Данные общей обработки |
__ |
| a |
Данные общей обработки |
20241202d2024 d y0rusy0289 ca |
| 101 |
Язык документа |
0_ |
| a |
Язык текста |
rus |
| 102 |
Страна публикации |
__ |
| a |
Страна публикации |
RU |
| 105 |
Кодированные данные (монография) |
__ |
| a |
Кодированные данные (монография) |
a z 000ay |
| 181 |
Поле кодированных данных: вид содержания |
_0 |
| a |
Код вида содержания (ISBD) |
i |
| 182 |
Поле кодированных данных: тип средства |
_0 |
| a |
Код типа средства (ISBD) |
n |
| 200 |
Заглавие и сведения об ответственности |
1_ |
| a |
Заглавие |
Мы здесь живьем |
| e |
Сведения, относящиеся к заглавию |
стихи и две поэмы |
| f |
Первые сведения об ответственности |
Анна Ревякина |
| g |
Последующие сведения об ответственности |
иллюстрации автора |
| 210 |
Выходные данные |
1_ |
| a |
Место издания |
Москва |
| c |
Издательство |
АСТ |
| d |
Дата издания |
2024 |
| 215 |
Физическое описание |
__ |
| a |
Объем |
202, [4] с. |
| c |
Иллюстрации/тип воспроизводства |
ил. |
| d |
Формат |
21 см |
| 225 |
Серия (Журнальная рубрика) |
2_ |
| a |
Серия (Журнальная рубрика) |
Мысли о Родине |
| 327 |
Примечание о содержании |
0_ |
| a |
Примечание о содержании |
Содержание: Что тебе завещать? ; Сара ; Тобик ; Тесто ; А в Донецке цветет магнолия ; Вечные город ; У входа в метро ; Русский кот ; Шахтерская дочь ; Мама ; Папа снился ; Хранительница Донецка [и др.] |
| 333 |
Примечание о целевом назначении |
__ |
| a |
Примечание о целевом назначении |
12+ |
| 464 |
Аналитический уровень |
_0 |
| 1 |
|
2001 |
| a |
|
Хранительница Донецка |
| 464 |
Аналитический уровень |
_0 |
| 1 |
|
2001 |
| a |
|
Папа снился |
| 464 |
Аналитический уровень |
_0 |
| 1 |
|
2001 |
| a |
|
Мама |
| 464 |
Аналитический уровень |
_0 |
| 1 |
|
2001 |
| a |
|
Шахтерская дочь |
| 464 |
Аналитический уровень |
_0 |
| 1 |
|
2001 |
| a |
|
Русский кот |
| 464 |
Аналитический уровень |
_0 |
| 1 |
|
2001 |
| a |
|
У входа в метро |
| 464 |
Аналитический уровень |
_0 |
| 1 |
|
2001 |
| a |
|
Вечные город |
| 464 |
Аналитический уровень |
_0 |
| 1 |
|
2001 |
| a |
|
А в Донецке цветет магнолия |
| 464 |
Аналитический уровень |
_0 |
| 1 |
|
2001 |
| a |
|
Тесто |
| 464 |
Аналитический уровень |
_0 |
| 1 |
|
2001 |
| a |
|
Тобик |
| 464 |
Аналитический уровень |
_0 |
| 1 |
|
2001 |
| a |
|
Что тебе завещать? |
| 464 |
Аналитический уровень |
_0 |
| 1 |
|
2001 |
| a |
|
Сара |
| 517 |
Другие варианты заглавия |
1_ |
| a |
Другие варианты заглавия |
Мы здесь живьём |
| 606 |
Тематические рубрики |
__ |
| a |
Основная рубрика |
Художественная литература |
| 606 |
Тематические рубрики |
__ |
| a |
Основная рубрика |
Русская литература Новейшего времени (произведения) |
| 610 |
Ключевые слова |
0_ |
| a |
Ключевые слова |
русская современная литература |
| a |
Ключевые слова |
тема Родины |
| a |
Ключевые слова |
тема Донецка |
| a |
Ключевые слова |
тема детства |
| a |
Ключевые слова |
тема семьи |
| a |
Ключевые слова |
тема войны |
| a |
Ключевые слова |
тема мира |
| a |
Ключевые слова |
поэмы |
| a |
Ключевые слова |
стихи |
| a |
Ключевые слова |
писатели-лауреаты |
| 686 |
Индексы других классификаций |
__ |
| 2 |
Код системы |
rubbk |
| a |
Индекс ББК |
84(2=411.2)6-5я44 |
| 700 |
Автор |
_1 |
| a |
Фамилия |
Ревякина |
| b |
Имя |
А. Н. |
| g |
Полное личное имя |
Анна Николаевна |
| f |
Даты |
1983- |
| 4 |
Код отношения |
070 |
| 801 |
Источник записи |
_0 |
| b |
Организация |
ГПНТБ России |
| a |
Страна |
RU |
| c |
Дата составления |
20241202 |
| 801 |
Источник записи |
_1 |
| b |
Организация |
ГПНТБ России |
| a |
Страна |
RU |
| c |
Дата составления |
20241202 |
| 801 |
Источник записи |
_2 |
| a |
Страна |
RU |
| b |
Организация |
Центральная районная библиотека им. Г. А. Пирожникова |
| c |
Дата составления |
20241204 |
| g |
Правила каталогизации |
bzbo |
| 852 |
Данные о местонахождении |
__ |
| j |
Шифр хранения |
84(2=411.2)6 |
| i |
Авторский знак |
Р 324 |
| 901 |
Тип документа |
__ |
| t |
Тип документа |
m |
| 902 |
Роль лиц |
__ |
| b |
Редактор БЗ |
ОКиО/Шумских |